000 00772nam a2200193 i 4500
001 155243
003 ES-MaACL
005 20251120140034.0
008 940301s1839 sp |||| | spa d
040 _aAS
_bspa
100 1 _aHenningsen, Carl-Ferdinand.
_9127852
245 1 0 _aMemorias de Zumalacárregui y sobre las primeras campañas de Navarra /
_cestractadas de las que escribió un oficial inglés al servicio de D. Carlos por F.M.E.
260 _aMadrid :
_bBoix,
_c1839.
300 _a2 v. :
_bil. ;
_c16 cm.
600 1 4 _aZumalacárregui, Tomás de,
_d1788-1835
_9118483
651 4 _aEspaña-
_xHistoria-
_y1833-1840, Guerra carlista
_98250
852 _aES-MaACL
_jD-1439
_z-- Enc. pasta española
_z-- Enc. 2 t. en 1 v.
999 _c155243
_d155243